Finish the One Direction Quote - Statistics

General Stats
  • This quiz has been taken 113 times
  • The average score is 10 of 26
Answer Stats
Beginning Answer % Correct
this is a family show or is it
86%
Vodka. Straight? No gay
79%
Get out of my kitchen
77%
Just chillin out in me box
71%
Two bananas for a pound three bananas for a euro
67%
Thank you Niall
60%
Zebra! Where?
60%
It's very warm, I'm wearing a coat, nobody knows why
56%
WE ARE MEN we're men
56%
I think mine's broken
55%
I'm not feeling fabulous
52%
my a$$ is on fire
45%
it's not about winners or losers but we won
43%
Niall the bad boy give it a rest
41%
physically I'm fine emotionally I'm bruised
39%
I'm crying in a cool way
35%
welcome to my fridge
18%
owww whatcha do that for
16%
Wait I remember I remember what hold on... she's dressed as a banana
12%
what is going on in this kids brain
10%
bedtime for me
4%
Petty crime
2%
I'm now wearing double denim
1%
they're not gonna do that they're media trained megastars
1%
what the hell course I dont
0%
it just rolls off the tongue
0%
No matching quizzes found
Score Distribution
Percent of People with Each Score
Percentile by Number Answered
Your Score History
You have not taken this quiz